书目信息 |
| 题名: |
禹作敏之谜
|
|
| 作者: | 花蕾东 著 | |
| 分册: | ||
| 出版信息: | 北京 中国社会出版社 1996.03 |
|
| 页数: | 278页 | |
| 开本: | 32开 | |
| 丛书名: | ||
| 单 册: | ||
| 中图分类: | I253 | |
| 科图分类: | ||
| 主题词: | 报告文学--中国 , 传记文学--中国 | |
| 电子资源: | ||
| ISBN: | 7-80088-528-3 | |
| 000 | 00562nam0 2200205 45 | |
| 001 | 0011021683 | |
| 005 | 20001102161446.1 | |
| 010 | @a7-80088-528-3@d14.80元 | |
| 100 | @a20001102d1996 km y0chiy0120 ea | |
| 101 | 0 | @achi |
| 105 | @a z 000yy | |
| 200 | 1 | @a禹作敏之谜@AYu Zuo Min Zhi Mi@f花蕾东著@FHua Lei Dong Zhu |
| 210 | @a北京@c中国社会出版社@d1996.03 | |
| 215 | @a278页@d32开 | |
| 606 | 0 | @a报告文学@x中国 |
| 606 | 0 | @a传记文学@x中国 |
| 690 | @aI253@v3 | |
| 701 | 0 | @a花蕾东@4著 |
| 801 | @aCN@bPftUser@c20001102 | |
| 905 | @b196635-636@dI253@eH.115@f2 | |
| 禹作敏之谜/花蕾东著.-北京:中国社会出版社,1996.03 |
| 278页;32开 |
| ISBN 7-80088-528-3:14.80元 |
| ● |
| 相关链接 |
|
|
|
正题名:禹作敏之谜
索取号:I253/H.115
 
预约/预借
| 序号 | 登录号 | 条形码 | 馆藏地/架位号 | 状态 | 备注 |
| 1 | 196635 | 201966355 | 社科二线400B/400B社科库 1排4列5层/ [索取号:I253/H.115] | 在馆 | |
| 2 | 196636 | 201966364 | 社科二线422/422社科库 28排1列1层/ [索取号:I253/H.115] | 在馆 |